| 000 | 00750nam a2200253Ia 4500 | ||
|---|---|---|---|
| 003 | OSt | ||
| 005 | 20221005060202.0 | ||
| 006 | a|||||r|||| 00| 0 | ||
| 007 | ta | ||
| 008 | 221004b |||||||| |||| 00| 0 eng d | ||
| 020 |
_a9781861898678 (hbk) _c2196.75 |
||
| 024 | _a1750 | ||
| 037 |
_b35533, 14/08/2012, Segment Book Distributors _cTextual |
||
| 040 |
_aCRL _cCRL _beng |
||
| 041 |
_2eng _aeng |
||
| 082 | _aV496.J, Q2 | ||
| 100 |
_aMay Timothy _9599436 |
||
| 245 | 0 | _aMongol conquests in world history | |
| 260 |
_aLondon _bReaktion Book UK _c2012 |
||
| 300 |
_a319p. _ccm. |
||
| 650 | _aHISTORY | ||
| 942 |
_hV496.J, Q2 _cTEXL _2cc |
||
| 999 |
_c966297 _d966297 |
||